000 00946nam a2200253Ia 4500
003 OSt
005 20220923224526.0
006 a|||||r|||| 00| 0
007 ta
008 220922b |||||||| |||| 00| 0 hin d
020 _c180
024 _a238,955
037 _b160, 26/08/2009, Eastern Book Linkers
_cTextual
040 _aARTS
_cARTS
_bhin
041 _2hin
_ahin
082 _aO152vG, N6
100 _aहौसिला प्रसाद सिंह
245 0 _aहिन्दी साहित्य का आदिकाल विकास और प्रवृत्ति
246 _aHindī sāhitya kā ādikāl vikās aur pravṛutti
260 _aदिल्ली
_b अंगन प्रकाशन
_c1996
300 _a176पृ.
_ccm.
942 _hO152vG, N6
_cTEXL
_2CC
999 _c371982
_d371982